000 01184naa a22003377a 4500
001 BR7805308
003 BR-BrBNA
005 20240918174214.0
007 ta
008 230509b bl.||||| |||| 00| 0 por d
040 _aBR-BrBNA
_bpor
_cBiblioteca Nacional de Agricultura
041 _a(Pt)
072 _aF30
_b1822
_b1823
_bG514
090 _aF30 BR7805308
100 1 _aCheng, S.S.
100 1 _aPedrosa, J.F.
100 1 _aPortela, F.B.
100 1 _aAguiar, J.L.
245 1 _aComportamento de cultivares e linhagens de aboboras (C. moschata Duch)e morangas (C. maxima Duch), na baixada do sul de Minas Gerais [Lambari, Brasil]
260 3 _aBelo Horizonte, MG (Brasil):
_c1978.
500 _aProjeto olericultura. Relatorio anual 1975/76 Belo Horizonte, MG (Brasil): 1978. p. 225-227 (BR7805308-AM)F30
650 _aABOBORA MORANGA
650 _aABOBORA
650 _aCOMPORTAMENTO DE VARIEDADE
650 _aLINHAGEM
650 _aLAVRAS
650 _aMINAS GERAIS
773 0 _tProjeto olericultura. Relatorio anual 1975/76
_wF30 BR7805308
_gBelo Horizonte, MG (Brasil), 1978. p. 225-227
909 _a202404
_bLucia
_c55
_dLucia Elande
942 _cAM
_2AGRIS
999 _c309581
_d309581